000 00609nam a2200217Ia 4500
001 14152
003 GE_BSU
008 181216s||||||||xx |||||||||||||| ||und||
040 _cGE_BSU
080 _a624.04(075.8)
100 _aРжаницин,А.Р.
245 _aСтроительная механика.
245 _bУчеб. пособие для вузов.
245 _cРед. Т.М.Минаева.
260 _aМ.
260 _bВысш. школа.
260 _c1982.
300 _a400 стр. с илл. 22 см.
653 _aСтроительная механика.
942 _cBK
999 _c47292
_d47292